Cities in Euro Truck Simulator 2 - Statistics

General Stats
  • This quiz has been taken 56 times
  • The average score is 74 of 192
Answer Stats
Answer % Correct
London
86%
Berlin
81%
Vienna
79%
Warsaw
79%
Paris
77%
Brussels
74%
Rome
74%
Budapest
72%
Lyon
72%
Oslo
72%
Amsterdam
70%
Bern
70%
Copenhagen
70%
Manchester
70%
Munich
70%
Prague
70%
Frankfurt
67%
Luxembourg
67%
Rotterdam
67%
Calais
65%
Edinburgh
65%
Geneva
65%
Glasgow
65%
Liverpool
65%
Tallinn
65%
Dortmund
63%
Helsinki
63%
Milan
63%
Riga
63%
Venice
63%
Cologne
60%
Stockholm
60%
St Petersburg
60%
Dresden
58%
Gdansk
58%
Hamburg
58%
Innsbruck
58%
Krakow
58%
Lodz
58%
Marseille
58%
Naples
58%
Nice
58%
Turin
58%
Zurich
58%
Aberdeen
56%
Birmingham
56%
Bordeaux
56%
Bratislava
56%
Bremen
56%
Brno
56%
Cardiff
56%
Dusseldorf
56%
Newcastle
56%
Salzburg
56%
Vilnius
56%
Bergen
53%
Gothenburg
53%
Lille
53%
Nuremburg
53%
Szczecin
53%
Dover
51%
Linz
51%
Poznan
51%
Stuttgart
51%
Graz
49%
Leipzig
49%
Lublin
49%
Palermo
49%
Toulouse
49%
Aalborg
47%
Bari
47%
Genoa
47%
Katowice
47%
Klagenfurt
47%
Malmo
47%
Montpellier
47%
Ostrava
47%
Strasbourg
47%
Bialystok
44%
Bologna
44%
Debrecen
44%
Hannover
44%
Nantes
44%
Rostock
44%
Groningen
42%
Kiel
42%
Liege
42%
Turku
42%
Verona
42%
Wroclaw
42%
Brest
40%
Odense
40%
Rennes
40%
Southampton
40%
Szeged
40%
Dijon
37%
Florence
37%
Le Mans
37%
Plymouth
37%
Duisburg
35%
Esbjerg
35%
Le Havre
35%
Magdeburg
35%
Swansea
35%
Cagliari
33%
Kaunas
33%
Mannheim
33%
Pecs
33%
Ancona
30%
Erfurt
30%
Kassel
30%
Kosice
30%
Kristiansand
30%
Olsztyn
30%
Reims
30%
Sheffield
30%
Tartu
30%
Clermont
28%
Kaliningrad
28%
Lahti
28%
Livorno
28%
Uppsala
28%
Carlisle
26%
Jonkoping
26%
La Rochelle
26%
Messina
26%
Metz
26%
Parma
26%
Travemunde
26%
Banska Bystrica
23%
Cambridge
23%
Catania
23%
Kotka
23%
Limoges
23%
Linkoping
23%
Narva
23%
Stavanger
23%
Felixstowe
21%
Frederikshavn
21%
Gedser
21%
Grimsby
21%
Luga
21%
Osnabruck
21%
Pskov
21%
Sassari
21%
Tampere
21%
Vaxjo
21%
Bourges
19%
Helsingborg
19%
Karlskrona
19%
Olbia
19%
Parnu
19%
Pescara
19%
Taranto
19%
Vyborg
19%
Kalmar
16%
Klaipeda
16%
Paluel
16%
Civaux
14%
Daugavpils
14%
Hirtshals
14%
Kouvola
14%
Liepaja
14%
Loviisa
14%
Naantali
14%
Paldiski
14%
Panevezys
14%
Roscoff
14%
St Laurent
14%
Suzzara
14%
Trelleborg
14%
Villa San Giovanni
14%
Cassino
12%
Catanzaro
12%
Kunda
12%
Orebro
12%
Pori
12%
Siauliai
12%
St Alban
12%
Vasteras
12%
Golfech
9%
Kapellskar
9%
Mazeikiai
9%
Sodertalje
9%
Sosnovy Bor
9%
Terni
9%
Valmiera
9%
Ventspils
9%
Olkiluoto
7%
Rezekne
7%
Utena
7%
Nynashamn
5%
No matching quizzes found
Score Distribution
Percent of People with Each Score
Percentile by Number Answered
Your Score History
You have not taken this quiz